Mateo Rotger y Capllonch / (Registro nro. 34766)
[ vista simple ]
| 000 -LEADER | |
|---|---|
| campo de control de longitud fija | 01209nam a2200265 i 4500 |
| 001 - NÚMERO DE CONTROL | |
| campo de control | 34766 |
| 003 - IDENTIFICADOR DE NÚMERO DE CONTROL | |
| campo de control | ES-MaACL |
| 005 - FECHA Y HORA DE LA ÚLTIMA TRANSACCIÓN | |
| campo de control | 20250818174206.0 |
| 007 - CAMPO FIJO DE DESCRIPCIÓN FÍSICA--INFORMACIÓN GENERAL | |
| campo de control de longitud fija | t| |
| 008 - DATOS DE LONGITUD FIJA--INFORMACIÓN GENERAL | |
| campo de control de longitud fija | 030211s1962 sp ||||1| spa d |
| 100 1# - ENTRADA PRINCIPAL--NOMBRE DE PERSONA | |
| Nombre de persona | Bonnín Aguiló, Francisco. |
| 9 (RLIN) | 152446 |
| 245 10 - MENCIÓN DEL TÍTULO | |
| Título | Mateo Rotger y Capllonch / |
| Mención de responsabilidad, etc. | [por Francisco Bonnín Aguiló y Miguel Bota Totxó], Juan Guiraud y Rotger [por Bernardo Cifre Forteza], Lorenzo Cerdá y Bisbal [por José Vidal Isern], ilustres hijos de Pollensa. |
| 260 ## - PUBLICACIÓN, DISTRIBUCIÓN, ETC. | |
| Lugar de publicación, distribución, etc. | Palma de Mallorca : |
| Nombre del editor, distribuidor, etc. | Caja de Ahorros y Monte de Piedad de Baleares : |
| -- | Alfa, |
| Fecha de publicación, distribución, etc. | 1962. |
| 300 ## - DESCRIPCIÓN FÍSICA | |
| Extensión | 41 p., 3 lám. ; |
| Dimensiones | 22 cm. |
| 505 8# - NOTA DE CONTENIDO CON FORMATO | |
| Nota de contenido con formato | Contiene: Guiraud y Rotger, poeta pollensín / por Bernardo Cifre Forteza - Lorenzo Cerdá y Bisbal, pintor de Pollensa / por José Vidal Isern |
| 600 14 - PUNTO DE ACCESO ADICIONAL DE MATERIA--NOMBRE DE PERSONA | |
| Nombre de persona | Rotger Capllonch, Mateo. |
| 9 (RLIN) | 152447 |
| 600 14 - PUNTO DE ACCESO ADICIONAL DE MATERIA--NOMBRE DE PERSONA | |
| Nombre de persona | Guiraud y Rotger, Juan. |
| 9 (RLIN) | 152448 |
| 600 14 - PUNTO DE ACCESO ADICIONAL DE MATERIA--NOMBRE DE PERSONA | |
| Nombre de persona | Serda y Bisbal, Lorenzo. |
| 9 (RLIN) | 152449 |
| 700 1# - ENTRADA AGREGADA--NOMBRE PERSONAL | |
| Nombre de persona | Vidal Isern, José. |
| 9 (RLIN) | 114494 |
| 700 1# - ENTRADA AGREGADA--NOMBRE PERSONAL | |
| Nombre de persona | Bota Totxo, Miquel, |
| Fechas asociadas al nombre | 1920-2005 |
| 9 (RLIN) | 152450 |
| 700 1# - ENTRADA AGREGADA--NOMBRE PERSONAL | |
| Nombre de persona | Cifre, Bernat ( |
| Fechas asociadas al nombre | 1935-) |
| 9 (RLIN) | 152451 |
| 710 2# - ENTRADA AGREGADA--NOMBRE DE ENTIDAD CORPORATIVA | |
| Nombre de entidad corporativa o nombre de jurisdicción como elemento de entrada | Caja de Ahorros y Monte de Piedad de las Baleares. |
| 9 (RLIN) | 2318 |
| 852 ## - LOCALIZACIÓN | |
| Ubicación | ES-MaACL |
| Número de control de estantería | 2029-F-21 |
| Estatus retirado | Estado de pérdida | Estado de daño | No para préstamo | Colección | Biblioteca de origen | Biblioteca actual | Ubicación en estantería | Fecha de adquisición | Fuente de adquisición | Total de préstamos | Signatura topográfica completa | Código de barras | Visto por última vez | Precio de reemplazo | Tipo de ítem Koha |
|---|---|---|---|---|---|---|---|---|---|---|---|---|---|---|---|
| Colección de folletos | Biblioteca del Ateneo de Madrid | Biblioteca del Ateneo de Madrid | Depósito folletos | 17/01/2008 | 2029-F-21 | 1036284 | 23/02/2023 | 23/02/2023 | Folleto |
